000 00354nam a2200121Ia 4500
008 220217s9999||||xx |||||||||||||| ||und||
082 _a005.13 DES
100 _aDeshikachar, K.S Rani, Udaya, V
_91935
245 0 _aProgramming in C: with lab solutions
260 _aSubhas stores
_bBangalore
_c2001
300 _b265
650 _aPROGRAMMING LANGUAGE
999 _c167823
_d167823